[Event "Irena Warakomska Memorial B"]
[Site "Suwalki"]
[Date "2020.08.09"]
[Round "5"]
[White "Szczepanska, Jagoda"]
[Black "Pietryk, Hanna"]
[Result "1-0"]
[Board "34"]
[WhiteElo "1015"]
[WhiteCountry "POL"]
[WhiteFideId "21030154"]
[WhiteEloChange "14"]
[BlackElo "1161"]
[BlackCountry "POL"]
[BlackFideId "21003505"]
[BlackEloChange "-14"]

1. e4 {[%clk 1:30:30]} e5 {[%clk 1:30:30]} 2. Nf3 {[%clk 1:30:30]} Nc6 {[%clk
1:30:30]} 3. Bc4 {[%clk 1:30:30]} Nf6 {[%clk 1:30:30]} 4. Nc3 {[%clk 1:30:30]}
Bb4 {[%clk 1:30:30]} 5. d3 {[%clk 1:30:30]} d6 {[%clk 1:30:30]} 6. Bg5 {[%clk
1:30:30]} Bg4 {[%clk 1:30:30]} 7. h3 {[%clk 1:30:30]} Bh5 {[%clk 1:30:30]} 8. Bh4
{[%clk 1:30:30]} Na5 {[%clk 1:30:30]} 9. Bb3 {[%clk 1:30:30]} Nxb3 {[%clk
1:30:30]} 10. axb3 {[%clk 1:30:30]} c6 {[%clk 1:30:30]} 11. Qe2 {[%clk 1:30:30]}
Bc5 {[%clk 1:30:30]} 12. Na4 {[%clk 1:30:30]} b6 {[%clk 1:30:30]} 13. Nxc5 {[%clk
1:30:30]} bxc5 {[%clk 1:30:30]} 14. O-O {[%clk 1:30:30]} h6 {[%clk 1:30:30]} 15.
Qe3 {[%clk 1:30:30]} Qe7 {[%clk 1:30:30]} 16. Nd2 {[%clk 1:30:30]} Qe6 {[%clk
1:30:30]} 17. f4 {[%clk 1:30:30]} Nh7 {[%clk 1:30:30]} 18. f5 {[%clk 1:30:30]}
Qd7 {[%clk 1:30:30]} 19. Qg3 {[%clk 1:30:30]} g5 {[%clk 1:30:30]} 20. fxg6 {[%clk
1:30:30]} Bxg6 {[%clk 1:30:30]} 21. Rf2 {[%clk 1:30:30]} Rf8 {[%clk 1:30:30]} 22.
Raf1 {[%clk 1:30:30]} a6 {[%clk 1:30:30]} 23. Qe3 {[%clk 1:30:30]} h5 {[%clk
1:30:30]} 24. Nc4 {[%clk 1:30:30]} Qc7 {[%clk 1:30:30]} 25. c3 {[%clk 1:30:30]}
Ra7 {[%clk 1:30:30]} 26. d4 {[%clk 1:30:30]} cxd4 {[%clk 1:30:30]} 27. cxd4
{[%clk 1:30:30]} a5 {[%clk 1:30:30]} 28. dxe5 {[%clk 1:30:30]} dxe5 {[%clk
1:30:30]} 29. Rd1 {[%clk 1:30:30]} f6 {[%clk 1:30:30]} 30. Rfd2 {[%clk 1:30:30]}
Ra8 {[%clk 1:30:30]} 31. Rd7 {[%clk 1:30:30]} Qxd7 {[%clk 1:30:30]} 32. Rxd7
{[%clk 1:30:30]} Kxd7 {[%clk 1:30:30]} 33. Nb6+ {[%clk 1:30:30]} Kc7 {[%clk
1:30:30]} 34. Nxa8+ {[%clk 1:30:30]} Rxa8 {[%clk 1:30:30]} 35. Bf2 {[%clk
1:30:30]} Ra6 {[%clk 1:30:30]} 36. Qc5 {[%clk 1:30:30]} Ng5 {[%clk 1:30:30]} 37.
Qe7+ {[%clk 1:30:30]} Kc8 {[%clk 1:30:30]} 38. Qxf6 {[%clk 1:30:30]} Nxe4 {[%clk
1:30:30]} 39. Qxg6 {[%clk 1:30:30]} Nxf2 {[%clk 1:30:30]} 40. Kxf2 {[%clk
1:30:30]} Kc7 {[%clk 1:30:30]} 41. Qxh5 {[%clk 1:30:30]} e4 {[%clk 1:30:30]} 42.
Qe5+ {[%clk 1:30:30]} Kd7 {[%clk 1:30:30]} 43. Qxe4 {[%clk 1:30:30]} c5 {[%clk
1:30:30]} 44. Qb7+ {[%clk 1:30:30]} Ke6 {[%clk 1:30:30]} 45. Qxa6+ {[%clk
1:30:30]} Kd5 {[%clk 1:30:30]} 46. Qxa5 {[%clk 1:30:30]} Kd4 {[%clk 1:30:30]} 47.
Qc3+ {[%clk 1:30:30]} 1-0